Historia de las drogas, 3. / (Record no. 36679)
[ view plain ]
| 000 -CABECERA | |
|---|---|
| campo de control de longitud fija | 00600nam a2200193 a 4500 |
| 001 - NÚMERO DE CONTROL | |
| campo de control | 000037189 |
| 005 - FECHA Y HORA DE LA ÚLTIMA TRANSACCIÓN | |
| campo de control | 20200930080209.0 |
| 008 - DATOS DE LONGITUD FIJA--INFORMACIÓN GENERAL | |
| campo de control de longitud fija | 120229s1994 sp ac 000 0 spa d |
| 020 ## - NÚMERO INTERNACIONAL ESTÁNDAR DEL LIBRO | |
| Número Internacional Estándar del Libro | 8420604046 |
| 040 ## - FUENTE DE LA CATALOGACIÓN | |
| Centro catalogador/agencia de origen | DO-SdBNP |
| Lengua de catalogación | spa |
| Centro/agencia transcriptor | BNPHU |
| 100 1# - ENTRADA PRINCIPAL--NOMBRE DE PERSONA | |
| Nombre de persona | Escohotado, Antonio |
| 9 (RLIN) | 52991 |
| 245 10 - MENCIÓN DE TÍTULO | |
| Título | Historia de las drogas, 3. / |
| Mención de responsabilidad, etc. | Antonio Escohotado. |
| 260 ## - PUBLICACIÓN, DISTRIBUCIÓN, ETC. | |
| Lugar de publicación, distribución, etc. | Madrid, : |
| Nombre del editor, distribuidor, etc. | Alianza, |
| Fecha de publicación, distribución, etc. | 1994. |
| 300 ## - DESCRIPCIÓN FÍSICA | |
| Extensión | v.. ; |
| Dimensiones | 18 cm. |
| 490 1# - MENCIÓN DE SERIE | |
| Mención de serie | Sección Humanidades |
| 500 ## - NOTA GENERAL | |
| Nota general | La biblioteca posee una reimpresion de la tercera edicion |
| 504 ## - NOTA DE BIBLIOGRAFÍA, ETC. | |
| Nota de bibliografía, etc. | Bibliografia p: 407-445 |
| 830 #0 - PUNTO DE ACCESO ADICIONAL DE SERIE-TÍTULO UNIFORME | |
| Título uniforme | Sección Humanidades |
| 9 (RLIN) | 63600 |
| Estado de retiro | Estado de pérdida | Restricciones de uso | No para préstamo | Código de colección | Localización permanente | Ubicación/localización actual | Ubicación en estantería | Fecha de adquisición | Número de inventario | Total de préstamos | Signatura topográfica completa | Código de barras | Fecha visto por última vez | Precio válido a partir de | Tipo de ítem Koha | Número de copia |
|---|---|---|---|---|---|---|---|---|---|---|---|---|---|---|---|---|
| Monografías: Libros y Folletos | General | General | Orden iniciada | 29.02.2012 | LF1 | 37189-10 | 25.06.2020 | 25.06.2020 | No se presta | |||||||
| Excluido de préstamo | Monografías: Libros y Folletos | General | General | En catalogación | 29.02.2012 | LF1 | 37189-20 | 25.06.2020 | 25.06.2020 | No se presta | e. 2 | |||||
| Excluido de préstamo | Monografías: Libros y Folletos | General | General | En catalogación | 29.02.2012 | LF1 | 37189-30 | 25.06.2020 | 25.06.2020 | No se presta | e. 3 |
